|
|
|
|
| LEADER |
00000cam a2200000 7i4500 |
| 001 |
0000030729 |
| 005 |
20040706093000.0 |
| 090 |
0 |
0 |
|a BT82.2
|b .H3
|
| 100 |
0 |
|
|a حسن، يوسف ,
|e author
|
| 245 |
1 |
2 |
|a البعد الديني في السياسة الامريكية :
|b تجاه الصراع العربي - الصهيوني :
|b دراسة في الحركة المسيحية الاصولية الامريكية
|c يوسف الحسن
|
| 260 |
2 |
|
|a Beirut :
|b Markaz Dirasat al-Wahdat al-`Arabiyyah ,
|c 1990
|
| 300 |
|
|
|a 222 p. ;
|c 24 cm.
|
| 504 |
|
|
|a Bibliography: p. 207-213
|
| 650 |
|
0 |
|a Christian Zionism
|
| 650 |
|
0 |
|a Fundamentalism
|
| 650 |
|
0 |
|a Missions
|z Arab countries
|
| 999 |
|
|
|a 1000057015
|b Book
|c OPEN SHELF (30 DAYS)
|e Gong Badak Campus
|